[Event "94th Tradewise Hastings Congress"]
[Site "Hastings"]
[Date "2019.01.02"]
[Round "6"]
[White "Lyell, Mark"]
[Black "Midhun, P U"]
[Result "1-0"]
[WhiteElo "2317"]
[BlackElo "2010"]
[Annotator "NA"]
[PlyCount "91"]
[EventDate "2018.12.28"]
[EventType "swiss"]
[EventCountry "ENG"]
[SourceTitle "playchess.com"]
[Source "ChessBase"]
[SourceQuality "1"]
[TimeControl "40/6000+30:3000+30"]

1. e4 {[%emt 0:00:00]} e5 {[%emt 0:00:00]} 2. Nf3 {[%emt 0:01:17]} Nc6 {[%emt 0:00:00]} 3. d4 {[%emt 0:01:26]} exd4 {[%emt 0:00:37]} 4. Nxd4 {[%emt 0:00:06]} Nf6 {[%emt 0:00:35]} 5. Nxc6 {[%emt 0:00:20]} bxc6 {[%emt 0:00:07]} 6. e5 {[%emt 0:00:06]} Qe7 {[%emt 0:00:05]} 7. Qe2 {[%emt 0:00:05]} Nd5 {[%emt 0:00:05]} 8. c4 {[%emt 0:00:17]} Ba6 {[%emt 0:00:05]} 9. b3 {[%emt 0:00:50]} g6 {[%emt 0:01:53]} 10. g3 {[%emt 0:00:16]} Bg7 {[%emt 0:01:51]} 11. Bb2 {[%emt 0:00:11]} O-O {[%emt 0:01:44]} 12. Bg2 {[%emt 0:00:07]} Nb6 {[%emt 0:06:58]} 13. O-O {[%emt 0:05:34]} d5 {[%emt 0:01:53]} 14. f4 {[%emt 0:04:53]} Qc5+ {[%emt 0:06:52]} 15. Qf2 {[%emt 0:02:04]} Qxf2+ {[%emt 0:03:03]} 16. Rxf2 {[%emt 0:00:05]} f6 {[%emt 0:19:01]} 17. c5 {[%emt 0:06:53]} Nc8 {[%emt 0:10:12]} 18. exf6 {[%emt 0:08:04]} Bxf6 {[%emt 0:00:05]} 19. Bxf6 {[%emt 0:00:37]} Rxf6 {[%emt 0:00:10]} 20. Nd2 {[%emt 0:08:23]} Re6 {[%emt 0:22:48]} 21. Nf3 {[%emt 0:03:58]} Re3 {[%emt 0:01:35]} 22. Nd4 {[%emt 0:04:46]} Bb7 {[%emt 0:00:59]} 23. f5 {[%emt 0:03:49]} Ne7 {[%emt 0:02:24]} 24. f6 {[%emt 0:01:36]} Nf5 {[%emt 0:00:28]} 25. Nxf5 {[%emt 0:00:50]} gxf5 {[%emt 0:00:02]} 26. Rxf5 {[%emt 0:00:52]} Kf7 {[%emt 0:01:17]} 27. Raf1 {[%emt 0:09:28]} Ba6 {[%emt 0:01:23]} 28. R1f2 {[%emt 0:27:09]} Re1+ {[%emt 0:05:59]} 29. Bf1 {[%emt 0:00:03]} Bd3 {[%emt 0:03:17]} 30. R5f4 {[%emt 0:01:23]} Be4 {[%emt 0:01:52]} 31. h4 {[%emt 0:02:39]} Rg8 {[%emt 0:06:42]} 32. Kh2 {[%emt 0:03:02]} h5 {[%emt 0:01:24]} 33. Bg2 {[%emt 0:01:15]} Re3 {[%emt 0:03:35]} 34. Bxe4 {[%emt 0:02:39]} dxe4 {[%emt 0:00:03]} 35. Rd2 {[%emt 0:03:06]} Rgxg3 {[%emt 0:02:05]} 36. Rd7+ {[%emt 0:00:48]} Ke6 {[%emt 0:00:36]} 37. Re7+ {[%emt 0:04:00]} Kd5 {[%emt 0:00:04]} 38. Rexe4 {[%emt 0:01:01]} Rh3+ {[%emt 0:02:05]} 39. Kg2 {[%emt 0:00:02]} Reg3+ {[%emt 0:00:09]} 40. Kf2 {[%emt 0:00:19]} Rc3 {[%emt 0:02:25]} 41. Rd4+ {[%emt 0:52:49]} Ke6 {[%emt 0:50:18]} 42. f7 {[%emt 0:00:00]} Rc2+ {[%emt 0:00:00]} 43. Kg1 {[%emt 0:00:00]} Rg3+ {[%emt 0:00:00]} 44. Kf1 {[%emt 0:00:00]} Rh3 {[%emt 0:00:00]} 45. Rde4+ {[%emt 0:00:00]} Kd5 {[%emt 0:00:00]} 46. Re2 {[%emt 0:00:00]} 1-0

[Event "94th Tradewise Hastings Congress"]
[Site "Hastings"]
[Date "2019.01.02"]
[Round "6"]
[White "Pitschka, Claus"]
[Black "Rayner, Francis"]
[Result "1/2-1/2"]
[WhiteElo "2241"]
[BlackElo "2048"]
[Annotator "NA"]
[PlyCount "89"]
[EventDate "2018.12.28"]
[EventType "swiss"]
[EventCountry "ENG"]
[SourceTitle "playchess.com"]
[Source "ChessBase"]
[SourceQuality "1"]
[TimeControl "40/6000+30:3000+30"]

1. d4 {[%emt 0:17:23]} Nf6 {[%emt 0:00:23]} 2. Nc3 {[%emt 0:00:19]} d5 {[%emt 0:03:08]} 3. Bg5 {[%emt 0:00:13]} h6 {[%emt 0:03:03]} 4. Bxf6 {[%emt 0:00:11]} exf6 {[%emt 0:00:06]} 5. e3 {[%emt 0:01:36]} c6 {[%emt 0:01:38]} 6. g3 {[%emt 0:01:59]} Bd6 {[%emt 0:01:58]} 7. Bg2 {[%emt 0:00:35]} O-O {[%emt 0:00:49]} 8. Nge2 {[%emt 0:00:55]} Bf5 {[%emt 0:09:03]} 9. O-O {[%emt 0:00:45]} Re8 {[%emt 0:00:15]} 10. Nf4 {[%emt 0:03:22]} Bxf4 {[%emt 0:01:49]} 11. gxf4 {[%emt 0:00:12]} Nd7 {[%emt 0:00:56]} 12. Kh1 {[%emt 0:02:37]} Nb6 {[%emt 0:01:23]} 13. Ne2 {[%emt 0:04:13]} Nc4 {[%emt 0:03:54]} 14. Ng3 {[%emt 0:00:54]} Qd7 {[%emt 0:01:26]} 15. b3 {[%emt 0:02:02]} Nd6 {[%emt 0:00:09]} 16. Rg1 {[%emt 0:01:27]} Bg6 {[%emt 0:05:08]} 17. Bf3 {[%emt 0:05:36]} Kh7 {[%emt 0:02:49]} 18. Bg4 {[%emt 0:13:25]} f5 {[%emt 0:01:34]} 19. Bf3 {[%emt 0:04:25]} Ne4 {[%emt 0:01:10]} 20. Kg2 {[%emt 0:01:18]} Qe6 {[%emt 0:08:11]} 21. Qd3 {[%emt 0:02:14]} Rad8 {[%emt 0:01:28]} 22. c4 {[%emt 0:02:16]} Kh8 {[%emt 0:07:16]} 23. Rgd1 {[%emt 0:04:00]} Bh7 {[%emt 0:03:34]} 24. Rac1 {[%emt 0:00:31]} Rd7 {[%emt 0:07:46]} 25. cxd5 {[%emt 0:00:34]} Rxd5 {[%emt 0:00:39]} 26. Qc2 {[%emt 0:06:20]} g5 {[%emt 0:04:13]} 27. Bxe4 {[%emt 0:04:17]} fxe4 {[%emt 0:00:09]} 28. fxg5 {[%emt 0:00:13]} hxg5 {[%emt 0:01:14]} 29. Qd2 {[%emt 0:09:54]} Bg6 {[%emt 0:05:35]} 30. Rh1 {[%emt 0:04:51]} Qg4 {[%emt 0:06:19]} 31. h3 {[%emt 0:06:11]} Qh4 {[%emt 0:04:57]} 32. Rhf1 {[%emt 0:05:38]} f5 {[%emt 0:03:34]} 33. f4 {[%emt 0:00:05]} exf3+ {[%emt 0:03:17]} 34. Rxf3 {[%emt 0:02:48]} f4 {[%emt 0:07:19]} 35. exf4 {[%emt 0:01:04]} Be4 {[%emt 0:00:33]} 36. Nxe4 {[%emt 0:00:29]} Rxe4 {[%emt 0:00:02]} 37. Qf2 {[%emt 0:01:44]} Qxf2+ {[%emt 0:02:01]} 38. Rxf2 {[%emt 0:00:21]} gxf4 {[%emt 0:00:38]} 39. Kf3 {[%emt 0:01:30]} Rdxd4 {[%emt 0:01:38]} 40. Kg4 {[%emt 0:00:37]} f3+ {[%emt 0:07:02]} 41. Kg3 {[%emt 0:50:23]} Re2 {[%emt 0:02:00]} 42. Rc2 {[%emt 0:00:00]} Rd3 {[%emt 0:01:55]} 43. Kf4 {[%emt 0:09:31]} Rxc2 {[%emt 0:09:56]} 44. Rxc2 {[%emt 0:00:00]} f2 {[%emt 0:00:33]} 45. Ke4 {[%emt 0:00:56]} 1/2-1/2

[Event "94th Tradewise Hastings Congress"]
[Site "Hastings"]
[Date "2019.01.02"]
[Round "6"]
[White "Moore, Graham J"]
[Black "Sulskis, Sarunas"]
[Result "0-1"]
[WhiteElo "2235"]
[BlackElo "2525"]
[Annotator "ChessBase"]
[PlyCount "54"]
[EventDate "2018.12.28"]
[EventType "swiss"]
[EventCountry "ENG"]
[SourceTitle "playchess.com"]
[Source "ChessBase"]
[SourceQuality "1"]
[TimeControl "40/6000+30:3000+30"]

1. e4 {[%emt 0:00:00]} e6 {[%emt 0:00:12]} 2. d3 {[%emt 0:00:23]} d5 {[%emt 0:04:05]} 3. Nd2 {[%emt 0:01:08]} Nc6 {[%emt 0:00:22]} 4. Ngf3 {[%emt 0:01:28]} Nf6 {[%emt 0:02:01]} 5. e5 {[%emt 0:03:33]} Nd7 {[%emt 0:00:32]} 6. d4 {[%emt 0:00:32]} f6 {[%emt 0:00:45]} 7. Bb5 {[%emt 0:04:11]} fxe5 {[%emt 0:01:55]} 8. dxe5 {[%emt 0:02:35]} Be7 {[%emt 0:07:27]} 9. Qe2 {[%emt 0:12:48]} O-O {[%emt 0:05:36]} 10. Nb3 {[%emt 0:02:06]} Qe8 {[%emt 0:11:30]} 11. O-O {[%emt 0:09:20]} Nd8 {[%emt 0:09:42]} 12. Ne1 {[%emt 0:17:54]} a6 {[%emt 0:12:03]} 13. Bd3 {[%emt 0:09:16]} c5 {[%emt 0:01:21]} 14. c4 {[%emt 0:00:04]} b5 {[%emt 0:00:49]} 15. cxd5 {[%emt 0:00:05]} exd5 {[%emt 0:00:06]} 16. Bb1 {[%emt 0:02:48]} c4 17. Nd4 {[%emt 0:10:03]} Bc5 {[%emt 0:11:29]} 18. Ndf3 {[%emt 0:01:50]} Ne6 {[%emt 0:00:38]} 19. b3 {[%emt 0:01:08]} Bb7 {[%emt 0:03:51]} 20. bxc4 {[%emt 0:01:26]} bxc4 21. a4 {[%emt 0:05:57]} Rc8 {[%emt 0:01:30]} 22. Ba3 {[%emt 0:02:07]} Ba8 {[%emt 0:05:40]} 23. Bxc5 {[%emt 0:01:38]} Ndxc5 {[%emt 0:04:15]} 24. Nc2 {[%emt 0:02:30]} Nf4 {[%emt 0:02:32]} 25. Qe3 {[%emt 0:00:25]} Nxg2 {[%emt 0:01:16]} 26. Qg5 {[%emt 0:02:10]} Nf4 {[%emt 0:01:28]} 27. Ncd4 {[%emt 0:00:09]} Nh3+ {[%emt 0:00:11]} 0-1

[Event "94th Tradewise Hastings Congress"]
[Site "Hastings"]
[Date "2019.01.02"]
[Round "6"]
[White "Villiers, Thomas"]
[Black "Barton, R Alan"]
[Result "1-0"]
[WhiteElo "2205"]
[BlackElo "2037"]
[Annotator "NA"]
[PlyCount "73"]
[EventDate "2018.12.28"]
[EventType "swiss"]
[EventCountry "ENG"]
[SourceTitle "playchess.com"]
[Source "ChessBase"]
[SourceQuality "1"]
[TimeControl "40/6000+30:3000+30"]

1. d4 {[%emt 0:00:00]} d6 {[%emt 0:00:34]} 2. e4 {[%emt 0:00:00]} g6 {[%emt 0:01:10]} 3. f4 {[%emt 0:00:47]} c6 {[%emt 0:01:51]} 4. c4 {[%emt 0:00:25]} Bg7 {[%emt 0:01:59]} 5. Nc3 {[%emt 0:00:16]} Na6 {[%emt 0:02:01]} 6. Be3 {[%emt 0:01:07]} Nf6 {[%emt 0:08:25]} 7. Nf3 {[%emt 0:00:04]} Bg4 {[%emt 0:03:09]} 8. h3 {[%emt 0:08:42]} Bd7 {[%emt 0:05:35]} 9. e5 {[%emt 0:00:45]} Nh5 {[%emt 0:03:54]} 10. Kf2 {[%emt 0:00:03]} f5 {[%emt 0:08:05]} 11. Rg1 {[%emt 0:09:06]} dxe5 {[%emt 0:03:13]} 12. dxe5 {[%emt 0:00:06]} Bf8 {[%emt 0:02:03]} 13. Qb3 {[%emt 0:11:51]} Qc7 {[%emt 0:05:22]} 14. Be2 {[%emt 0:03:01]} Ng7 {[%emt 0:01:08]} 15. Rac1 {[%emt 0:04:08]} Ne6 {[%emt 0:03:16]} 16. Rgd1 {[%emt 0:03:34]} Nac5 {[%emt 0:01:42]} 17. Qa3 {[%emt 0:02:32]} b6 {[%emt 0:01:32]} 18. b4 {[%emt 0:00:13]} Ne4+ {[%emt 0:03:55]} 19. Nxe4 {[%emt 0:00:29]} fxe4 {[%emt 0:00:03]} 20. Nd2 {[%emt 0:00:50]} Bh6 {[%emt 0:01:17]} 21. g3 {[%emt 0:01:30]} O-O {[%emt 0:03:09]} 22. Nxe4 {[%emt 0:04:03]} g5 {[%emt 0:01:51]} 23. Bf3 {[%emt 0:10:06]} gxf4 {[%emt 0:00:58]} 24. gxf4 {[%emt 0:04:38]} Nxf4 {[%emt 0:00:40]} 25. Rg1+ {[%emt 0:06:36]} Kh8 {[%emt 0:00:59]} 26. e6 {[%emt 0:01:15]} Nxh3+ {[%emt 0:06:24]} 27. Ke2 {[%emt 0:00:02]} Nxg1+ {[%emt 0:07:11]} 28. Rxg1 {[%emt 0:00:23]} Rxf3 {[%emt 0:03:13]} 29. Qc3+ {[%emt 0:05:14]} Rf6 {[%emt 0:00:35]} 30. Nxf6 {[%emt 0:00:09]} Qh2+ {[%emt 0:01:50]} 31. Bf2 {[%emt 0:00:04]} Qxg1 {[%emt 0:04:28]} 32. Bxg1 {[%emt 0:00:18]} Bxe6 {[%emt 0:01:56]} 33. Nh5+ {[%emt 0:03:26]} Kg8 {[%emt 0:00:11]} 34. Qg3+ {[%emt 0:00:12]} Kf8 {[%emt 0:04:21]} 35. Qf3+ {[%emt 0:00:09]} Bf7 {[%emt 0:00:32]} 36. Qxc6 {[%emt 0:00:38]} Bxh5+ {[%emt 0:01:04]} 37. Kf1 {[%emt 0:00:08]} 1-0

[Event "94th Tradewise Hastings Congress"]
[Site "Hastings"]
[Date "2019.01.02"]
[Round "6"]
[White "Payne, Matthew J"]
[Black "Leenhouts, Koen"]
[Result "0-1"]
[WhiteElo "2182"]
[BlackElo "2470"]
[Annotator "TA"]
[PlyCount "80"]
[EventDate "2018.12.28"]
[EventType "swiss"]
[EventCountry "ENG"]
[SourceTitle "playchess.com"]
[Source "ChessBase"]
[SourceQuality "1"]

{[%evp 13,80,19,30,15,61,-30,7,0,12,0,0,0,0,-56,-62,-46,-38,-128,51,49,101,0,0,-18,41,-79,-79,-87,-79,-88,-79,-87,-89,-333,-344,-606,-700,-652,-650,-29989,-6515,-6479,-6311,-5997,-75,-5773,-5765,-2718,-2397,-6509,-6501,-29994,-29995,-29995,-5277,-1912,-987,-987,-979,-954,-933,-842,-738,-29991,-29988,-29988,-29989,-29995,-29989]} 1. e4 c5 2. Nf3 e6 3. b3 b6 4. Bd3 (4. Bb2 Bb7 5. Bd3 Nc6 6. a3 Nf6 7. O-O d6 8. Re1 Be7 9. Bf1 O-O 10. d3 Nd7 11. Nbd2 Bf6 12. Bxf6 Nxf6 {1-0 (29) Kasimdzhanov,R (2683)-Ganguly,S (2650) Riadh 2017}) 4... Bb7 5. O-O Nc6 6. Re1 {B40: Sicilian: 2...e6, Unusual lines} Nge7 7. Bb2 Ng6 {LiveBook: 10 Games} 8. g3 {White has an edge.} Bd6 $146 ({Predecessor:} 8... d6 9. Na3 a6 10. Bf1 b5 11. c4 b4 {½-½ (23) Beerdsen,T (2460)-De Jong,M (2309) Hoogeveen 2018}) 9. e5 (9. Bxg7 $14 Rg8 10. Bc3) 9... Bc7 10. Na3 a6 11. Nc4 O-O 12. h4 f5 13. Nd6 ({White should play} 13. exf6 $1 $11 gxf6 14. h5) 13... Bxd6 $15 14. exd6 Nb4 15. Ng5 (15. Be2 $15) 15... Rf6 $2 (15... h6 $1 $17 16. Nxe6 dxe6) 16. Bc4 $14 b5 (16... Nd5 $14) 17. Bxf6 ({White should try} 17. Qh5 $16 Nf8 18. Bxe6+ (18. Bxf6 Qxf6 19. Rxe6 dxe6 $11) 18... dxe6 19. Rxe6 $1 {[%mdl 512]}) 17... Qxf6 $11 18. Bf1 Rf8 (18... h6 $11 19. Nh3 f4) 19. Bg2 (19. c3 $1 $14 {was the only good move.} f4 20. Qh5) 19... Bxg2 $17 20. Kxg2 {[#]} f4 $1 {[%cal Rf4g3,Bf5f4,Bf4f3][%mdl 32] Threatens to win with ...fxg3.} 21. Qh5 {[%csl Gg5][%cal Rh5h7] [#]} h6 $1 {[%cal Rh6g5]} 22. Ne4 {[%mdl 64] Double Attack} Qf7 {White must now prevent ...fxg3.} 23. Qd1 $2 (23. Kg1 $17 {keeps fighting.} Nxc2 {[%mdl 64] Double Attack} 24. Rac1 Nxe1 25. Rxe1) 23... Qf5 $19 24. a3 $2 {[#]} (24. Kg1 Qh3 25. Qf3 Nxc2 26. Nxc5) 24... Nxh4+ $1 {[%mdl 512]} 25. gxh4 f3+ 26. Kg3 h5 (26... Qg6+ $142 27. Ng5 hxg5 28. Rg1 Qh5 29. Qxf3 Qxf3+ 30. Kh2 Qxf2+ 31. Rg2 Qxh4+ 32. Kg1 Nxc2 33. Rd1 Ne1 34. d4 Nxg2 35. Rf1 Ne3 36. Rxf8+ Kxf8 37. dxc5 Qg3+ 38. Kh1 Qg2#) 27. Kh2 Qg4 {[%csl Gf3][%cal Rg4g2]} 28. Ng3 Qxh4+ 29. Kg1 {Hoping for Re5.} Qh3 {[%csl Gf3][%cal Rh3g2]} 30. Qxf3 Rxf3 31. axb4 h4 32. Ne4 Qg4+ 33. Kf1 h3 (33... Rh3 $142 34. Ng3 hxg3 35. Kg2 gxf2+ {[%mdl 64] Discovered Attack} 36. Kxf2 Qf3+ 37. Kg1 Rh1#) 34. d3 h2 35. Ke2 {[#]} c4 $1 36. bxc4 bxc4 {( -> ...Rxd3+)} 37. Kd2 {[#]} c3+ $1 38. Nxc3 (38. Kxc3 h1=Q) 38... Qf4+ {Black mates.} 39. Kd1 Rxf2 {[%csl Gf2][%cal Rf4d2]} 40. Ne2 Qf3 {Accuracy: White = 32%, Black = 48%.} 0-1

[Event "94th Tradewise Hastings Congress"]
[Site "Hastings"]
[Date "2019.01.02"]
[Round "6"]
[White "Sumit, Kumar"]
[Black "Spanton, Tim R"]
[Result "1-0"]
[WhiteElo "2179"]
[BlackElo "1954"]
[Annotator "NA"]
[PlyCount "51"]
[EventDate "2018.12.28"]
[EventType "swiss"]
[EventCountry "ENG"]
[SourceTitle "playchess.com"]
[Source "ChessBase"]
[SourceQuality "1"]
[TimeControl "40/6000+30:3000+30"]

1. e4 {[%emt 0:00:08]} e5 {[%emt 0:00:00]} 2. Nf3 {[%emt 0:00:05]} Nc6 {[%emt 0:00:00]} 3. Bc4 {[%emt 0:00:04]} Bc5 {[%emt 0:00:00]} 4. O-O {[%emt 0:00:12]} d6 {[%emt 0:01:47]} 5. c3 {[%emt 0:00:20]} Nf6 {[%emt 0:00:19]} 6. d3 {[%emt 0:00:16]} a6 {[%emt 0:00:16]} 7. Bb3 {[%emt 0:01:04]} Ba7 {[%emt 0:00:16]} 8. Nbd2 {[%emt 0:00:56]} O-O {[%emt 0:00:29]} 9. h3 {[%emt 0:00:09]} Qe7 {[%emt 0:01:12]} 10. Re1 {[%emt 0:00:25]} Be6 {[%emt 0:02:34]} 11. Bc2 {[%emt 0:00:35]} Rad8 {[%emt 0:00:55]} 12. Nf1 {[%emt 0:01:40]} h6 {[%emt 0:00:29]} 13. Ng3 {[%emt 0:01:36]} Rfe8 {[%emt 0:02:49]} 14. Qe2 {[%emt 0:19:56]} d5 {[%emt 0:06:37]} 15. Nh4 {[%emt 0:08:00]} dxe4 {[%emt 0:04:41]} 16. dxe4 {[%emt 0:01:14]} Qd7 {[%emt 0:06:29]} 17. Qf3 {[%emt 0:04:03]} Ne7 {[%emt 0:07:31]} 18. Bxh6 {[%emt 0:08:38]} Bxh3 {[%emt 0:05:38]} 19. Bxg7 {[%emt 0:10:47]} Kxg7 {[%emt 0:00:58]} 20. gxh3 {[%emt 0:01:28]} Rh8 {[%emt 0:00:51]} 21. Nhf5+ {[%emt 0:03:31]} Nxf5 {[%emt 0:00:49]} 22. Nxf5+ {[%emt 0:00:18]} Kf8 {[%emt 0:00:19]} 23. Rad1 {[%emt 0:01:43]} Qe8 {[%emt 0:00:29]} 24. Bb3 {[%emt 0:06:08]} Rxd1 {[%emt 0:02:59]} 25. Rxd1 {[%emt 0:00:07]} Nh5 {[%emt 0:02:39]} 26. Bxf7 {[%emt 0:03:15]} 1-0

[Event "94th Tradewise Hastings Congress"]
[Site "Hastings"]
[Date "2019.01.02"]
[Round "6"]
[White "Byron, Alan M"]
[Black "Larsen, Andreas"]
[Result "1-0"]
[WhiteElo "2157"]
[BlackElo "1933"]
[Annotator "NA"]
[PlyCount "59"]
[EventDate "2018.12.28"]
[EventType "swiss"]
[EventCountry "ENG"]
[SourceTitle "playchess.com"]
[Source "ChessBase"]
[SourceQuality "1"]
[TimeControl "40/6000+30:3000+30"]

1. e4 {[%emt 0:00:00]} d5 {[%emt 0:01:00]} 2. exd5 {[%emt 0:00:00]} Nf6 {[%emt 0:00:06]} 3. d4 {[%emt 0:00:00]} Nxd5 {[%emt 0:00:08]} 4. Nf3 {[%emt 0:00:18]} Qd6 {[%emt 0:04:19]} 5. c4 {[%emt 0:04:22]} Nf6 {[%emt 0:08:29]} 6. Nc3 {[%emt 0:01:15]} c6 {[%emt 0:07:53]} 7. Be2 {[%emt 0:01:15]} g6 {[%emt 0:00:31]} 8. O-O {[%emt 0:00:17]} Bg7 {[%emt 0:00:15]} 9. Bg5 {[%emt 0:02:29]} O-O {[%emt 0:02:18]} 10. Qd2 {[%emt 0:00:08]} Re8 {[%emt 0:00:18]} 11. Bh6 {[%emt 0:02:48]} b6 {[%emt 0:04:59]} 12. Bf4 {[%emt 0:02:12]} Qd8 {[%emt 0:04:25]} 13. Ne5 {[%emt 0:00:14]} Bf5 {[%emt 0:24:21]} 14. Bf3 {[%emt 0:00:56]} Nh5 {[%emt 0:01:15]} 15. Nxc6 {[%emt 0:14:47]} Nxc6 {[%emt 0:00:55]} 16. Bxc6 {[%emt 0:00:06]} Nxf4 {[%emt 0:01:52]} 17. Qxf4 {[%emt 0:01:29]} Bxd4 {[%emt 0:23:12]} 18. Bxe8 {[%emt 0:06:20]} e5 {[%emt 0:00:06]} 19. Bxf7+ {[%emt 0:01:35]} Kxf7 {[%emt 0:00:06]} 20. Qf3 {[%emt 0:00:41]} Kg7 {[%emt 0:00:56]} 21. Rad1 {[%emt 0:00:41]} Rc8 {[%emt 0:00:20]} 22. b3 {[%emt 0:00:53]} Qe7 {[%emt 0:02:27]} 23. Rfe1 {[%emt 0:04:00]} Qa3 {[%emt 0:00:58]} 24. Nb5 {[%emt 0:01:55]} Qb4 {[%emt 0:01:36]} 25. Qd5 {[%emt 0:10:26]} Bc5 {[%emt 0:05:25]} 26. Qxe5+ {[%emt 0:00:55]} Kh6 {[%emt 0:00:19]} 27. Nd6 {[%emt 0:04:11]} Rf8 {[%emt 0:01:22]} 28. Qf4+ {[%emt 0:01:13]} Kg7 {[%emt 0:00:55]} 29. Re7+ {[%emt 0:01:01]} Kg8 {[%emt 0:01:18]} 30. Qh6 {[%emt 0:02:49]} 1-0

[Event "94th Tradewise Hastings Congress"]
[Site "Hastings"]
[Date "2019.01.02"]
[Round "6"]
[White "Spiegel, Stefan"]
[Black "Bates, Richard A"]
[Result "0-1"]
[WhiteElo "2124"]
[BlackElo "2372"]
[Annotator "NA"]
[PlyCount "56"]
[EventDate "2018.12.28"]
[EventType "swiss"]
[EventCountry "ENG"]
[SourceTitle "playchess.com"]
[Source "ChessBase"]
[SourceQuality "1"]
[TimeControl "40/6000+30:3000+30"]

1. e4 {[%emt 0:00:00]} c5 {[%emt 0:02:11]} 2. Be2 {[%emt 0:00:00]} Nc6 {[%emt 0:02:47]} 3. f4 {[%emt 0:00:00]} g6 {[%emt 0:00:09]} 4. Nf3 {[%emt 0:00:01]} Bg7 {[%emt 0:00:07]} 5. d3 {[%emt 0:00:18]} d6 {[%emt 0:02:58]} 6. O-O {[%emt 0:01:42]} Nh6 {[%emt 0:07:20]} 7. Qe1 {[%emt 0:03:47]} f5 {[%emt 0:04:22]} 8. c3 {[%emt 0:03:19]} O-O {[%emt 0:16:32]} 9. Na3 {[%emt 0:02:59]} Kh8 {[%emt 0:07:34]} 10. h3 {[%emt 0:03:28]} e5 {[%emt 0:10:12]} 11. fxe5 {[%emt 0:05:05]} Nxe5 {[%emt 0:02:45]} 12. Nxe5 {[%emt 0:04:07]} dxe5 {[%emt 0:00:08]} 13. exf5 {[%emt 0:08:38]} gxf5 {[%emt 0:03:59]} 14. Be3 {[%emt 0:03:15]} Qe7 {[%emt 0:04:36]} 15. Bf3 {[%emt 0:01:45]} f4 {[%emt 0:04:21]} 16. Bf2 {[%emt 0:00:09]} Bf5 {[%emt 0:04:55]} 17. Rd1 {[%emt 0:00:13]} Rae8 {[%emt 0:02:56]} 18. Nc4 {[%emt 0:01:34]} b5 {[%emt 0:02:47]} 19. Na5 {[%emt 0:00:46]} c4 {[%emt 0:07:52]} 20. Be4 {[%emt 0:00:33]} Qg5 {[%emt 0:05:38]} 21. Bxf5 {[%emt 0:05:16]} Qxf5 {[%emt 0:06:14]} 22. dxc4 {[%emt 0:01:44]} e4 {[%emt 0:01:48]} 23. Bd4 {[%emt 0:00:54]} Bxd4+ {[%emt 0:02:41]} 24. Rxd4 {[%emt 0:00:06]} Rg8 {[%emt 0:00:02]} 25. Qh4 {[%emt 0:00:08]} Qg6 {[%emt 0:00:32]} 26. Rd2 {[%emt 0:02:31]} f3 {[%emt 0:00:34]} 27. g4 {[%emt 0:00:51]} e3 {[%emt 0:01:26]} 28. Rd5 {[%emt 0:00:15]} f2+ {[%emt 0:00:42]} 0-1

[Event "94th Tradewise Hastings Congress"]
[Site "Hastings"]
[Date "2019.01.02"]
[Round "6"]
[White "Taylor, Adam A"]
[Black "Wilson, Matthew R"]
[Result "1-0"]
[WhiteElo "2122"]
[BlackElo "1807"]
[Annotator "NA"]
[PlyCount "67"]
[EventDate "2018.12.28"]
[EventType "swiss"]
[EventCountry "ENG"]
[SourceTitle "playchess.com"]
[Source "ChessBase"]
[SourceQuality "1"]
[TimeControl "40/6000+30:3000+30"]

1. Nf3 {[%emt 0:06:09]} d5 {[%emt 0:00:00]} 2. g3 {[%emt 0:00:22]} Nf6 {[%emt 0:00:00]} 3. Bg2 {[%emt 0:00:11]} e6 {[%emt 0:00:00]} 4. O-O {[%emt 0:00:06]} Be7 {[%emt 0:00:37]} 5. c4 {[%emt 0:00:12]} dxc4 {[%emt 0:00:18]} 6. Qa4+ {[%emt 0:01:16]} c6 {[%emt 0:00:23]} 7. Qxc4 {[%emt 0:00:07]} b5 {[%emt 0:00:14]} 8. Qc2 {[%emt 0:05:19]} Bb7 {[%emt 0:01:00]} 9. d4 {[%emt 0:03:00]} Nbd7 {[%emt 0:00:45]} 10. Nbd2 {[%emt 0:21:50]} c5 {[%emt 0:07:24]} 11. dxc5 {[%emt 0:02:45]} Bxc5 {[%emt 0:04:45]} 12. Nb3 {[%emt 0:01:55]} Bb6 {[%emt 0:04:56]} 13. Rd1 {[%emt 0:17:22]} Be4 {[%emt 0:16:06]} 14. Qc3 {[%emt 0:02:56]} Qe7 {[%emt 0:15:47]} 15. Bf4 {[%emt 0:03:38]} b4 {[%emt 0:02:04]} 16. Qc4 {[%emt 0:11:47]} Bd5 {[%emt 0:05:25]} 17. Qb5 {[%emt 0:05:10]} a6 {[%emt 0:04:57]} 18. Qd3 {[%emt 0:01:47]} e5 {[%emt 0:15:34]} 19. Bg5 {[%emt 0:05:31]} Bxb3 {[%emt 0:20:24]} 20. Qxb3 {[%emt 0:07:25]} O-O {[%emt 0:01:15]} 21. e3 {[%emt 0:05:12]} Rad8 {[%emt 0:01:20]} 22. Nh4 {[%emt 0:02:25]} g6 {[%emt 0:01:30]} 23. Bh3 {[%emt 0:00:45]} Kg7 {[%emt 0:00:20]} 24. Bxd7 {[%emt 0:02:08]} Rxd7 {[%emt 0:00:08]} 25. Rxd7 {[%emt 0:00:03]} Qxd7 {[%emt 0:00:08]} 26. Qxb4 {[%emt 0:01:24]} Nd5 {[%emt 0:00:11]} 27. Bh6+ {[%emt 0:00:13]} Kxh6 {[%emt 0:00:58]} 28. Qxf8+ {[%emt 0:00:04]} Kh5 {[%emt 0:00:35]} 29. Qg7 {[%emt 0:00:13]} Kg4 {[%emt 0:03:21]} 30. Qxe5 {[%emt 0:00:35]} g5 {[%emt 0:00:42]} 31. h3+ {[%emt 0:00:58]} Kxh3 {[%emt 0:00:40]} 32. Qxg5 {[%emt 0:00:46]} Ne7 {[%emt 0:02:56]} 33. Ng2 {[%emt 0:00:19]} Qd5 {[%emt 0:01:09]} 34. Nf4# {[%emt 0:00:06]} 1-0

[Event "94th Tradewise Hastings Congress"]
[Site "Hastings"]
[Date "2019.01.02"]
[Round "6"]
[White "Snape, Ian L"]
[Black "Fowler, David"]
[Result "1-0"]
[WhiteElo "2112"]
[BlackElo "1929"]
[Annotator "NA"]
[PlyCount "40"]
[EventDate "2018.12.28"]
[EventType "swiss"]
[EventCountry "ENG"]
[SourceTitle "playchess.com"]
[Source "ChessBase"]
[SourceQuality "1"]
[TimeControl "40/6000+30:3000+30"]

1. c4 {[%emt 0:00:00]} c6 {[%emt 0:00:00]} 2. d4 {[%emt 0:00:00]} d5 {[%emt 0:00:00]} 3. Nf3 {[%emt 0:01:01]} Nf6 {[%emt 0:00:00]} 4. e3 {[%emt 0:00:16]} e6 {[%emt 0:00:46]} 5. Nc3 {[%emt 0:00:08]} Nbd7 {[%emt 0:00:06]} 6. Qc2 {[%emt 0:00:16]} Bd6 {[%emt 0:00:17]} 7. Bd3 {[%emt 0:00:11]} dxc4 {[%emt 0:01:28]} 8. Bxc4 {[%emt 0:00:09]} O-O {[%emt 0:01:00]} 9. O-O {[%emt 0:00:16]} e5 {[%emt 0:02:10]} 10. Rd1 {[%emt 0:03:52]} Qe7 {[%emt 0:05:42]} 11. Bb3 {[%emt 0:12:30]} e4 {[%emt 0:09:06]} 12. Nd2 {[%emt 0:13:43]} Re8 {[%emt 0:03:12]} 13. f3 {[%emt 0:01:29]} exf3 {[%emt 0:05:22]} 14. Nxf3 {[%emt 0:00:08]} Nb6 {[%emt 0:05:33]} 15. e4 {[%emt 0:02:25]} Nxe4 {[%emt 0:06:20]} 16. Re1 {[%emt 0:32:42]} Bf5 {[%emt 0:02:51]} 17. Bg5 {[%emt 0:10:36]} Nxg5 {[%emt 0:09:41]} 18. Qxf5 {[%emt 0:00:13]} Nxf3+ {[%emt 0:00:15]} 19. Qxf3 {[%emt 0:00:30]} Qxe1+ {[%emt 0:08:07] Rc1 [%emt 00:00:05] Qd1+ Rxd1 [%clk 00:29:30]} 20. Rxe1 {[%emt 0:00:00]} Rxe1+ {[%emt 0:18:08]} 1-0